000 00612nam a2200229 i 4500
001 C2-0279315
003 PPAK
005 20180728010558.0
008 070424s xx a|||| ||||| | may d
040 _aPPAK
_beng
_cPPAK
_erda
082 0 4 _a529.3
_223
090 0 0 _a529.3
_bAHM
_dKK
100 0 _aAhmad Daud,
_eauthor
245 1 0 _aKalender Masehi
300 _a5 pages :
_billustrations ;
_c30 cm
336 _2rdacontent
_atext
337 _2rdamedia
_aunmediated
338 _2rdacarrier
_avolume
500 _aPetikan dari majalah Dewan Masyarakat Februari 1964
650 1 0 _aCalendar
942 _ddc
_cB
999 _c85993
_d85993